[Event "38. Abierto Ciudad de Sevilla"]
[Site "Sevilla ESP"]
[Date "2013.01.16"]
[Round "6.8"]
[White "Gutierrez Jimenez, Juan Manuel"]
[Black "Fernandez Romero, Ernesto"]
[Result "1/2-1/2"]
[WhiteElo "2296"]
[BlackElo "2480"]
[PlyCount "53"]
[EventDate "2013.01.11"]
[EventType "swiss"]
[EventRounds "9"]
[EventCountry "ESP"]
[Source "lmi"]
[SourceDate "2013.01.11"]

1. c4 b6 2. Nc3 Bb7 3. e4 e5 4. Nf3 Nc6 5. Be2 Bc5 6. O-O d6 7. a3 a5 8. d3
Nge7 9. Rb1 O-O 10. Nd5 Nxd5 11. cxd5 Nd4 12. b4 axb4 13. axb4 Nxf3+ 14. Bxf3
Bd4 15. Bb2 Bxb2 16. Rxb2 c6 17. dxc6 Bxc6 18. d4 Bb5 19. Re1 Ra3 20. Rd2 Qg5
21. dxe5 dxe5 22. Rd6 Ba4 23. Qc1 Qxc1 24. Rxc1 b5 25. h4 Rb3 26. Rc5 Rxb4 27.
Rxe5 1/2-1/2

[Event "38. Abierto Ciudad de Sevilla"]
[Site "Sevilla ESP"]
[Date "2013.01.16"]
[Round "6.9"]
[White "Gonzalez Perez, Arian"]
[Black "Garcia Jimenez, Francisco Javi"]
[Result "1-0"]
[WhiteElo "2473"]
[BlackElo "2278"]
[PlyCount "49"]
[EventDate "2013.01.11"]
[EventType "swiss"]
[EventRounds "9"]
[EventCountry "ESP"]
[Source "lmi"]
[SourceDate "2013.01.11"]

1. e4 e5 2. Nf3 Nf6 3. d4 Nxe4 4. Bd3 d5 5. Nxe5 Be7 6. O-O Nc6 7. Bb5 Bd7 8.
Nxd7 Qxd7 9. c3 a6 10. Ba4 O-O 11. Nd2 f5 12. Nf3 b5 13. Bb3 Bf6 14. Ne1 Na5
15. Nd3 Nb7 16. f3 Ng5 17. Re1 Rfe8 18. Ne5 Qd6 19. Qd3 g6 20. Bf4 Ne6 21. Nxg6
Qd8 22. Rxe6 Rxe6 23. Qxf5 Re2 24. Bxd5+ Kg7 25. Qh5 1-0

[Event "38. Abierto Ciudad de Sevilla"]
[Site "Sevilla ESP"]
[Date "2013.01.16"]
[Round "6.11"]
[White "Sgnaolin, Davide"]
[Black "Roy Chowdhury, Saptarshi"]
[Result "0-1"]
[WhiteElo "2269"]
[BlackElo "2451"]
[PlyCount "72"]
[EventDate "2013.01.11"]
[EventType "swiss"]
[EventRounds "9"]
[EventCountry "ESP"]
[Source "lmi"]
[SourceDate "2013.01.11"]

1. c4 e5 2. Nc3 Nc6 3. g3 Bb4 4. Nd5 Bc5 5. Bg2 Nge7 6. Nf3 d6 7. d3 O-O 8. O-O
Nxd5 9. cxd5 Ne7 10. d4 exd4 11. Nxd4 Nf5 12. Nb3 Bb6 13. Bd2 Bd7 14. Bc3 Re8
15. a4 a6 16. a5 Ba7 17. e4 Nh6 18. Nd4 c5 19. dxc6 bxc6 20. Qd2 f6 21. Nc2 Nf7
22. Rfe1 Rb8 23. Qd3 Qc8 24. Ne3 Bh3 25. Bh1 Rb5 26. Nc4 Rd8 27. Bd4 Ne5 28.
Bxe5 fxe5 29. Nb6 Bxb6 30. axb6 Rxb6 31. Rec1 Be6 32. Ra5 c5 33. Rca1 c4 34.
Qc3 Qb7 35. R1a2 Rb3 36. Qc2 c3 0-1

[Event "38. Abierto Ciudad de Sevilla"]
[Site "Sevilla ESP"]
[Date "2013.01.16"]
[Round "6.12"]
[White "Barua, Dibyendu"]
[Black "Gonzalez Galvan, Juan Manuel"]
[Result "1-0"]
[WhiteElo "2413"]
[BlackElo "2249"]
[PlyCount "81"]
[EventDate "2013.01.11"]
[EventType "swiss"]
[EventRounds "9"]
[EventCountry "ESP"]
[Source "lmi"]
[SourceDate "2013.01.11"]

1. e4 c5 2. Nf3 Nc6 3. d4 cxd4 4. Nxd4 Nf6 5. Nc3 e5 6. Ndb5 d6 7. Bg5 a6 8.
Na3 b5 9. Nd5 Qa5+ 10. Bd2 Qd8 11. Bg5 Qa5+ 12. Bd2 Qd8 13. Nxf6+ Qxf6 14. Bd3
Qg6 15. Qf3 Be6 16. c3 Be7 17. Nc2 O-O 18. h4 Bg4 19. Qg3 d5 20. exd5 e4 21.
Bf1 h5 22. dxc6 e3 23. Nxe3 Bd6 24. f4 Qe4 25. Qf2 Bxf4 26. Be2 Rad8 27. Bxg4
Rxd2 28. Kxd2 hxg4 29. Rae1 Rd8+ 30. Kc1 Rd3 31. c7 Bxc7 32. Nc2 Qg6 33. Rd1
Bb6 34. Qe2 Rg3 35. Rd2 b4 36. Qe5 bxc3 37. bxc3 Rxg2 38. Rxg2 Qc6 39. Rxg4 f6
40. Qe4 Qxc3 41. Qc4+ 1-0

[Event "38. Abierto Ciudad de Sevilla"]
[Site "Sevilla ESP"]
[Date "2013.01.16"]
[Round "6.14"]
[White "Lasinskas, Povilas"]
[Black "Piscopo, Pierluigi"]
[Result "0-1"]
[WhiteElo "2183"]
[BlackElo "2407"]
[PlyCount "74"]
[EventDate "2013.01.11"]
[EventType "swiss"]
[EventRounds "9"]
[EventCountry "ESP"]
[Source "lmi"]
[SourceDate "2013.01.11"]

1. d4 Nf6 2. c4 c5 3. d5 e6 4. Nc3 exd5 5. cxd5 d6 6. e4 g6 7. Bd3 Bg7 8. Nge2
O-O 9. f3 b6 10. O-O Ba6 11. Bg5 c4 12. Bc2 b5 13. a3 Qb6+ 14. Kh1 Nbd7 15. Qd2
Rfe8 16. Be3 Nc5 17. Nd4 Nfd7 18. Rg1 Rec8 19. f4 b4 20. axb4 Qxb4 21. Ba4 Nxa4
22. Rxa4 Qb7 23. Rga1 Nc5 24. Rxa6 Nxa6 25. Nc6 Re8 26. Re1 Bxc3 27. Qxc3 Rxe4
28. f5 Nc5 29. Ra1 Qd7 30. Bg1 Rae8 31. h3 Nd3 32. f6 Re1 33. Rxe1 Rxe1 34.
Ne7+ Rxe7 35. fxe7 Qxe7 36. Qxc4 Qe2 37. Bxa7 Nf2+ 0-1

[Event "38. Abierto Ciudad de Sevilla"]
[Site "Sevilla ESP"]
[Date "2013.01.16"]
[Round "6.16"]
[White "Khamrakulov, Ibragim S"]
[Black "Coimbra, Margarida"]
[Result "1-0"]
[WhiteElo "2509"]
[BlackElo "2110"]
[PlyCount "45"]
[EventDate "2013.01.11"]
[EventType "swiss"]
[EventRounds "9"]
[EventCountry "ESP"]
[Source "lmi"]
[SourceDate "2013.01.11"]

1. e4 e5 2. Nf3 Nc6 3. Bc4 Bc5 4. c3 Nf6 5. d3 d6 6. Bb3 Bb6 7. O-O Ne7 8. Be3
Ng6 9. Nbd2 O-O 10. d4 c6 11. Nc4 Nxe4 12. Nxb6 axb6 13. dxe5 d5 14. c4 dxc4
15. Qxd8 Rxd8 16. Bxc4 c5 17. h3 Bd7 18. Rfd1 Nf8 19. Bd3 Bc6 20. Bc2 Ne6 21.
Rxd8+ Rxd8 22. Re1 b5 23. Bc1 1-0

[Event "38. Abierto Ciudad de Sevilla"]
[Site "Sevilla ESP"]
[Date "2013.01.16"]
[Round "6.17"]
[White "Morais, Vitor"]
[Black "Perez Mitjans, Orelvis"]
[Result "0-1"]
[WhiteElo "2087"]
[BlackElo "2496"]
[PlyCount "128"]
[EventDate "2013.01.11"]
[EventType "swiss"]
[EventRounds "9"]
[EventCountry "ESP"]
[Source "lmi"]
[SourceDate "2013.01.11"]

1. d4 d5 2. Nf3 Nc6 3. g3 Bf5 4. Bg2 Qd7 5. O-O Bh3 6. Bf4 h5 7. Nc3 Bxg2 8.
Kxg2 h4 9. Nb5 Rc8 10. gxh4 Nf6 11. e3 Ne4 12. Qe2 f6 13. Kh1 e6 14. Rg1 Qf7
15. Rg2 a6 16. Nc3 Qh5 17. Nxe4 dxe4 18. Ng1 Nb4 19. a3 Nd5 20. Bg3 c5 21. c4
Ne7 22. Qc2 cxd4 23. exd4 Qd5 24. Qa4+ Qc6 25. Qxc6+ Rxc6 26. c5 Nf5 27. Ne2
Nxh4 28. Bxh4 Rxh4 29. b4 g5 30. Nc3 Be7 31. Rd1 Kf7 32. d5 exd5 33. Nxd5 Rc8
34. Re1 Bd8 35. Re3 a5 36. f3 axb4 37. axb4 exf3 38. Rxf3 Ra8 39. Rd2 Ke6 40.
b5 Rc4 41. Rxf6+ Bxf6 42. Nc7+ Kf5 43. Nxa8 Rxc5 44. b6 Be5 45. Kg2 Rc3 46. Ra2
g4 47. Rd2 Rh3 48. Kg1 Bf4 49. Re2 Ra3 50. Nc7 Be3+ 51. Kg2 Bxb6 52. Nd5 Bc5
53. Rb2 Ra1 54. Kg3 Rg1+ 55. Kh4 g3 56. Nb4 Bd4 57. Rd2 Bf6+ 58. Kh5 Rh1 59.
Nd3 Ke4 60. Kg4 Rxh2 61. Rxh2 gxh2 62. Nf2+ Ke3 63. Kg3 Bh4+ 64. Kxh2 Bxf2 0-1

[Event "38. Abierto Ciudad de Sevilla"]
[Site "Sevilla ESP"]
[Date "2013.01.16"]
[Round "6.18"]
[White "Lalic, Bogdan"]
[Black "Justiniano Marquez, Marco Ant"]
[Result "1-0"]
[WhiteElo "2484"]
[BlackElo "2078"]
[PlyCount "91"]
[EventDate "2013.01.11"]
[EventType "swiss"]
[EventRounds "9"]
[EventCountry "ESP"]
[Source "lmi"]
[SourceDate "2013.01.11"]

1. d4 e6 2. c4 b6 3. e4 Bb7 4. Bd3 Bb4+ 5. Bd2 Bxd2+ 6. Nxd2 Nh6 7. Ngf3 O-O 8.
O-O f5 9. Re1 Nc6 10. a3 a5 11. Rc1 Ne7 12. e5 c5 13. b4 axb4 14. axb4 cxb4 15.
Rb1 Ra3 16. Bf1 b5 17. Rxb4 Bxf3 18. Nxf3 bxc4 19. Bxc4 Qa8 20. Rb5 Rc8 21. Rc5
Rc3 22. Bb5 Qb7 23. Qa4 Ra8 24. Qxa8+ Qxa8 25. Rxc3 Nd5 26. Rc5 Nf4 27. Bxd7
Kf7 28. Bb5 Ng4 29. Rc2 Nh3+ 30. gxh3 Qxf3 31. Bf1 Nh6 32. Rc7+ Kg6 33. Re3 Qd1
34. Rg3+ Kh5 35. Rcxg7 f4 36. Rd3 Qe1 37. Rxh7 Kg6 38. Re7 Nf5 39. Rxe6+ Kg5
40. Re8 Qe4 41. d5 Nd4 42. d6 Ne2+ 43. Bxe2 Qxe2 44. d7 Qe1+ 45. Kg2 f3+ 46.
Rxf3 1-0

[Event "38. Abierto Ciudad de Sevilla"]
[Site "Sevilla ESP"]
[Date "2013.01.16"]
[Round "6.20"]
[White "Santos Ruiz, Miguel"]
[Black "Montero Melendez, Rafael"]
[Result "1/2-1/2"]
[WhiteElo "2078"]
[BlackElo "2316"]
[PlyCount "119"]
[EventDate "2013.01.11"]
[EventType "swiss"]
[EventRounds "9"]
[EventCountry "ESP"]
[Source "lmi"]
[SourceDate "2013.01.11"]

1. e4 e5 2. Nf3 Nc6 3. Bb5 a6 4. Ba4 Nf6 5. O-O Be7 6. d3 d6 7. c3 O-O 8. Nbd2
b5 9. Bc2 d5 10. Qe2 dxe4 11. dxe4 Be6 12. a4 b4 13. Nc4 Nd7 14. a5 f6 15. Ba4
Na7 16. Rd1 Qc8 17. Ne3 Nc5 18. Nd5 Bd8 19. Be3 Nxa4 20. Rxa4 bxc3 21. bxc3 c6
22. Nb6 Bxb6 23. axb6 Nb5 24. Qb2 Rd8 25. Rda1 Nd6 26. Nd2 Rd7 27. c4 c5 28. f3
Qc6 29. Ra5 Nb7 30. Rxa6 Rad8 31. Ra8 Nd6 32. Rxd8+ Rxd8 33. Ra5 Nb7 34. Ra7
Rd3 35. Kf2 Rd6 36. Qb3 Qd7 37. Ke1 h5 38. Qb2 Qc6 39. Qb3 Qd7 40. Bxc5 Rxd2
41. Rxb7 Qc8 42. Rb8 Qxb8 43. Kxd2 Qb7 44. Qa4 Bd7 45. Qa7 Bc6 46. Qxb7 Bxb7
47. Kc3 Kf7 48. Kb4 Ke6 49. Kb5 g6 50. Bf2 f5 51. c5 Kd7 52. exf5 gxf5 53. Be3
f4 54. Bc1 e4 55. fxe4 Bxe4 56. Ka6 Kc8 57. Bxf4 Bxg2 58. h4 Bf3 59. b7+ Bxb7+
60. Kb6 1/2-1/2

[Event "38. Abierto Ciudad de Sevilla"]
[Site "Sevilla ESP"]
[Date "2013.01.17"]
[Round "7.1"]
[White "Haslinger, Stewart G"]
[Black "Belezky, Alexander"]
[Result "1-0"]
[WhiteElo "2535"]
[BlackElo "2427"]
[PlyCount "59"]
[EventDate "2013.01.11"]
[EventType "swiss"]
[EventRounds "9"]
[EventCountry "ESP"]
[Source "lmi"]
[SourceDate "2013.01.11"]

1. e4 e6 2. d4 d5 3. Nd2 dxe4 4. Nxe4 Nd7 5. Nf3 Ngf6 6. Bd3 Nxe4 7. Bxe4 Nf6
8. Bg5 Qd6 9. Bxf6 gxf6 10. c3 Bd7 11. Nd2 c6 12. O-O h5 13. b4 h4 14. Re1 Be7
15. a4 Qc7 16. Nc4 Rd8 17. a5 Kf8 18. Qe2 Rh6 19. Bc2 Kg7 20. Ne3 Bd6 21. Ng4
Rhh8 22. Qf3 Bf4 23. Nxf6 Bxh2+ 24. Kh1 Bd6 25. Nh5+ Kf8 26. Qf6 Rg8 27. Bh7
Rg4 28. f3 Rf4 29. Nxf4 Bxf4 30. Re4 1-0

[Event "38. Abierto Ciudad de Sevilla"]
[Site "Sevilla ESP"]
[Date "2013.01.17"]
[Round "7.2"]
[White "Kjartansson, Gudmundur"]
[Black "Mirzoev, Azer"]
[Result "0-1"]
[WhiteElo "2408"]
[BlackElo "2547"]
[PlyCount "83"]
[EventDate "2013.01.11"]
[EventType "swiss"]
[EventRounds "9"]
[EventCountry "ESP"]
[Source "lmi"]
[SourceDate "2013.01.11"]

1. c4 e6 2. g3 d5 3. Nf3 dxc4 4. Bg2 a6 5. O-O Nf6 6. a4 Nc6 7. Qc2 Na5 8. Na3
Qd5 9. Ne1 Qf5 10. e4 Qc5 11. d4 cxd3 12. Qxd3 Nc6 13. Nac2 Be7 14. b4 Qd6 15.
Qe2 e5 16. Ba3 Qe6 17. Nd3 O-O 18. Bb2 Bd6 19. f4 Nd7 20. Qd2 f6 21. f5 Qf7 22.
g4 Nb6 23. Bc3 Rd8 24. g5 Be7 25. h4 Bd7 26. b5 axb5 27. axb5 Rxa1 28. Rxa1 Nb8
29. gxf6 gxf6 30. Rb1 Be8 31. Bf1 N8d7 32. Qf2 Na4 33. Ba1 Nac5 34. Kh1 Kh8 35.
Nxc5 Bxc5 36. Qe2 Qh5 37. Qe1 Bf7 38. Nb4 Rg8 39. Be2 Qh6 40. Bf3 Qf4 41. Bg2
Rg3 42. Bc3 0-1

[Event "38. Abierto Ciudad de Sevilla"]
[Site "Sevilla ESP"]
[Date "2013.01.17"]
[Round "7.3"]
[White "Piscopo, Pierluigi"]
[Black "Gonzalez Perez, Arian"]
[Result "0-1"]
[WhiteElo "2407"]
[BlackElo "2473"]
[PlyCount "101"]
[EventDate "2013.01.11"]
[EventType "swiss"]
[EventRounds "9"]
[EventCountry "ESP"]
[Source "lmi"]
[SourceDate "2013.01.11"]

1. e4 e5 2. Nf3 Nc6 3. Bb5 a6 4. Ba4 Nf6 5. d3 d6 6. c3 Bd7 7. O-O g6 8. Re1
Bg7 9. d4 O-O 10. d5 Ne7 11. Bxd7 Qxd7 12. c4 h6 13. c5 Nh5 14. cxd6 cxd6 15.
Nc3 f5 16. Nh4 Nf6 17. a4 fxe4 18. Nxe4 Nxe4 19. Rxe4 g5 20. Nf3 Qf5 21. Re2
Qf7 22. h4 g4 23. Nh2 h5 24. Bg5 Nxd5 25. Nf1 Rac8 26. Ng3 Rc4 27. Rc1 Rd4 28.
Qb3 Kh8 29. Rec2 Kh7 30. Kh2 Nf4 31. Qxf7 Rxf7 32. Rc7 Rxc7 33. Rxc7 Ne6 34.
Rxb7 Nxg5 35. hxg5 Kg6 36. Nxh5 Kxh5 37. Rxg7 Rxa4 38. g3 Rd4 39. Ra7 Kxg5 40.
Rxa6 Kf5 41. Rb6 Rd3 42. b4 d5 43. Kg2 Rd1 44. Rb8 d4 45. Rf8+ Ke4 46. f3+
gxf3+ 47. Rxf3 d3 48. Rf1 Rxf1 49. Kxf1 Ke3 50. Ke1 d2+ 51. Kd1 0-1

[Event "38. Abierto Ciudad de Sevilla"]
[Site "Sevilla ESP"]
[Date "2013.01.17"]
[Round "7.4"]
[White "Roy Chowdhury, Saptarshi"]
[Black "Rzayev, Bahruz"]
[Result "1/2-1/2"]
[WhiteElo "2451"]
[BlackElo "2370"]
[PlyCount "72"]
[EventDate "2013.01.11"]
[EventType "swiss"]
[EventRounds "9"]
[EventCountry "ESP"]
[Source "lmi"]
[SourceDate "2013.01.11"]

1. e4 e5 2. Nf3 Nc6 3. Bc4 Nf6 4. d3 Bc5 5. h3 d6 6. c3 h6 7. Bb3 Bb6 8. Nbd2
Ne7 9. Nf1 Ng6 10. Ng3 O-O 11. O-O d5 12. exd5 Nxd5 13. d4 exd4 14. Nxd4 Ndf4
15. Qf3 Bxd4 16. Bxf4 Nxf4 17. Qxf4 Bb6 18. Rad1 Qe7 19. Rde1 Qc5 20. Re5 Qd6
21. Qe4 Bd7 22. Nf5 Bxf5 23. Rxf5 Qg6 24. Re1 Rad8 25. Re2 c6 26. Qf3 Rd7 27.
h4 Qd6 28. h5 Bd8 29. g3 Bf6 30. Bc2 Rfd8 31. Qe4 Kf8 32. Qf3 Re7 33. Rf4 Rxe2
34. Qxe2 Qd2 35. Re4 Qxe2 36. Rxe2 Rd5 1/2-1/2

[Event "38. Abierto Ciudad de Sevilla"]
[Site "Sevilla ESP"]
[Date "2013.01.17"]
[Round "7.6"]
[White "Matamoros Franco, Carlos S"]
[Black "Gutierrez Jimenez, Juan Manuel"]
[Result "1-0"]
[WhiteElo "2538"]
[BlackElo "2296"]
[PlyCount "71"]
[EventDate "2013.01.11"]
[EventType "swiss"]
[EventRounds "9"]
[EventCountry "ESP"]
[Source "lmi"]
[SourceDate "2013.01.11"]

1. Nf3 d6 2. d4 Nf6 3. c4 g6 4. Nc3 Bg7 5. g3 O-O 6. Bg2 c6 7. O-O Qb6 8. b3 e5
9. d5 cxd5 10. cxd5 Qa5 11. Bb2 b5 12. Nxe5 Ne8 13. Nd3 Nd7 14. a4 bxa4 15.
Rxa4 Qd8 16. Qb1 a6 17. Nb4 Nc5 18. Nc6 Qc7 19. Ra3 Bb7 20. b4 Nd7 21. Rc1 Nb6
22. Na4 Nxa4 23. Rxa4 Bxb2 24. Qxb2 Ng7 25. e3 h5 26. Qf6 Rfe8 27. Ra3 Qd7 28.
Rac3 Rac8 29. Qd4 Bxc6 30. dxc6 Qc7 31. Qc4 Rb8 32. Ra3 Rb5 33. Rxa6 Reb8 34.
Qa2 Ne6 35. Ra7 Qb6 36. c7 1-0

[Event "38. Abierto Ciudad de Sevilla"]
[Site "Sevilla ESP"]
[Date "2013.01.17"]
[Round "7.7"]
[White "Ducarmon, Quinten"]
[Black "Ibarra Jerez, Jose Carlos"]
[Result "1-0"]
[WhiteElo "2405"]
[BlackElo "2538"]
[PlyCount "53"]
[EventDate "2013.01.11"]
[EventType "swiss"]
[EventRounds "9"]
[EventCountry "ESP"]
[Source "lmi"]
[SourceDate "2013.01.11"]

1. e4 c5 2. Nf3 e6 3. d4 cxd4 4. Nxd4 Bc5 5. Be3 d6 6. Nc3 a6 7. Qg4 g6 8. Qg3
Nf6 9. O-O-O Nbd7 10. Nde2 Bxe3+ 11. Qxe3 Qc7 12. Nd4 Ke7 13. Be2 b5 14. a3 Bb7
15. g4 e5 16. g5 Nh5 17. Nf5+ gxf5 18. Bxh5 f4 19. Qh3 Rhg8 20. Qf5 Rg7 21. Rd2
Rd8 22. Rhd1 Rg6 23. Rxd6 Bc6 24. Nd5+ Kxd6 25. Nxc7+ Kxc7 26. Bxg6 fxg6 27.
Qe6 1-0

[Event "38. Abierto Ciudad de Sevilla"]
[Site "Sevilla ESP"]
[Date "2013.01.17"]
[Round "7.8"]
[White "Barrero Garcia, Carlos"]
[Black "Khamrakulov, Ibragim S"]
[Result "1-0"]
[WhiteElo "2350"]
[BlackElo "2509"]
[PlyCount "79"]
[EventDate "2013.01.11"]
[EventType "swiss"]
[EventRounds "9"]
[EventCountry "ESP"]
[Source "lmi"]
[SourceDate "2013.01.11"]

1. Nf3 c5 2. g3 g6 3. Bg2 Bg7 4. d4 cxd4 5. Nxd4 Nc6 6. Nb3 Nf6 7. O-O O-O 8.
Nc3 d6 9. h3 Be6 10. e4 a5 11. a4 Bxb3 12. cxb3 Nd7 13. Re1 Nc5 14. Bf1 f5 15.
exf5 Rxf5 16. Be3 Kh8 17. Rb1 Qg8 18. Bc4 Qf8 19. g4 Re5 20. Kg2 g5 21. Qd2 h6
22. h4 Qc8 23. f3 gxh4 24. Bxh6 Qf8 25. Rh1 Rh5 26. Bxg7+ Qxg7 27. Rh3 Qg6 28.
Rbh1 Kg7 29. Nd5 e5 30. Rxh4 Rxh4 31. Rxh4 Rh8 32. Rxh8 Kxh8 33. Kg3 Kg7 34.
Ne3 Nd4 35. Qxa5 Qf6 36. Qc7+ Kf8 37. Qb8+ Kg7 38. Qc7+ Kh6 39. g5+ Qxg5+ 40.
Ng4+ 1-0

[Event "38. Abierto Ciudad de Sevilla"]
[Site "Sevilla ESP"]
[Date "2013.01.17"]
[Round "7.10"]
[White "Serrano Salvador, Eduardo"]
[Black "Campora, Daniel H"]
[Result "1/2-1/2"]
[WhiteElo "2349"]
[BlackElo "2490"]
[PlyCount "71"]
[EventDate "2013.01.11"]
[EventType "swiss"]
[EventRounds "9"]
[EventCountry "ESP"]
[Source "lmi"]
[SourceDate "2013.01.11"]

1. d4 Nf6 2. Nf3 d5 3. Bg5 Nbd7 4. e3 h6 5. Bh4 Ne4 6. Nfd2 Nd6 7. c4 Nf5 8.
Bg3 Nxg3 9. hxg3 e6 10. Nc3 c6 11. Bd3 Be7 12. f4 a6 13. Nf3 dxc4 14. Bxc4 b5
15. Bb3 c5 16. d5 Nb6 17. dxe6 Bxe6 18. Bxe6 Qxd1+ 19. Rxd1 fxe6 20. Ne5 O-O
21. Nd7 Nxd7 22. Rxd7 Bf6 23. Ke2 Rfd8 24. Rhd1 Rxd7 25. Rxd7 c4 26. e4 Kf8 27.
e5 Be7 28. Ne4 Ke8 29. Rb7 Rd8 30. Rb6 Rd4 31. Nd2 g5 32. Rxe6 gxf4 33. gxf4
Rxf4 34. Rxa6 Bg5 35. Nf3 Rg4 36. Nxg5 1/2-1/2

[Event "38. Abierto Ciudad de Sevilla"]
[Site "Sevilla ESP"]
[Date "2013.01.17"]
[Round "7.13"]
[White "Fernandez Romero, Ernesto"]
[Black "Alvarez Fernandez, Enrique"]
[Result "1-0"]
[WhiteElo "2480"]
[BlackElo "2350"]
[PlyCount "97"]
[EventDate "2013.01.11"]
[EventType "swiss"]
[EventRounds "9"]
[EventCountry "ESP"]
[Source "lmi"]
[SourceDate "2013.01.11"]

1. e4 c5 2. Nf3 d6 3. d4 cxd4 4. Nxd4 Nf6 5. Nc3 a6 6. h3 e5 7. Nde2 Be6 8. g4
d5 9. exd5 Nxd5 10. Bg2 Bb4 11. O-O Bxc3 12. Nxc3 Nxc3 13. bxc3 Nc6 14. Ba3
Qxd1 15. Rfxd1 Rd8 16. Bd6 f6 17. Rab1 Bc8 18. Be4 Kf7 19. Bd5+ Kg6 20. Bc7
Rde8 21. Be4+ Kf7 22. Rd6 Re7 23. Bb6 Be6 24. a4 h5 25. f3 hxg4 26. hxg4 g6 27.
Bc5 Rc8 28. Rxc6 bxc6 29. Bxe7 Kxe7 30. Bxg6 Bd5 31. Kf2 Rd8 32. Kg3 Kd6 33. a5
Kc5 34. Rb6 Bc4 35. Be4 Rc8 36. Kf2 Bb5 37. Bd3 Rc7 38. Ke3 Bc4 39. Rb8 Rf7 40.
Bg6 Rg7 41. Be4 Rc7 42. Bd3 Rf7 43. Be4 Rc7 44. Rf8 Rf7 45. Rxf7 Bxf7 46. Bd3
Be8 47. Bxa6 Bd7 48. Bd3 Be6 49. Kf2 1-0

[Event "38. Abierto Ciudad de Sevilla"]
[Site "Sevilla ESP"]
[Date "2013.01.17"]
[Round "7.14"]
[White "Van Hoolandt, Patrick"]
[Black "Bruno, Fabio"]
[Result "1/2-1/2"]
[WhiteElo "2203"]
[BlackElo "2434"]
[PlyCount "47"]
[EventDate "2013.01.11"]
[EventType "swiss"]
[EventRounds "9"]
[EventCountry "ESP"]
[Source "lmi"]
[SourceDate "2013.01.11"]

1. d4 d5 2. c4 e6 3. Nf3 c6 4. Qc2 dxc4 5. Qxc4 Nf6 6. Bg5 Nbd7 7. Nbd2 Qa5 8.
a3 Ne4 9. Bf4 g5 10. b4 Qf5 11. Nxe4 gxf4 12. Nc5 a5 13. Rc1 axb4 14. axb4 Nb6
15. Qb3 Qd5 16. Qb1 Qa2 17. g3 Nd5 18. gxf4 b6 19. Nd3 Nxb4 20. Nxb4 Qa5 21.
Bg2 Qxb4+ 22. Kf1 Qxb1 23. Rxb1 Ra2 24. Ne5 1/2-1/2

[Event "38. Abierto Ciudad de Sevilla"]
[Site "Sevilla ESP"]
[Date "2013.01.17"]
[Round "7.15"]
[White "Dhar-barua, Saheli"]
[Black "Pogorelov, Ruslan"]
[Result "0-1"]
[WhiteElo "2091"]
[BlackElo "2409"]
[PlyCount "62"]
[EventDate "2013.01.11"]
[EventType "swiss"]
[EventRounds "9"]
[EventCountry "ESP"]
[Source "lmi"]
[SourceDate "2013.01.11"]

1. e4 c5 2. Nf3 e6 3. d4 cxd4 4. Nxd4 a6 5. Be2 Nf6 6. Nc3 Qc7 7. O-O Be7 8.
Kh1 O-O 9. f4 d6 10. a4 b6 11. Bf3 Bb7 12. g4 Nc6 13. g5 Nd7 14. Bg2 Rfe8 15.
Rf3 Bf8 16. Rh3 g6 17. Nb3 Bg7 18. f5 Nb4 19. f6 Bf8 20. Qe1 Nxc2 21. Qh4 h6
22. Rb1 b5 23. axb5 axb5 24. Bf4 e5 25. Rd1 exf4 26. Nxb5 Qb6 27. Nxd6 Ne5 28.
Nxe8 f3 29. Nd6 fxg2+ 30. Kxg2 Ne3+ 31. Rxe3 Qxe3 0-1

[Event "38. Abierto Ciudad de Sevilla"]
[Site "Sevilla ESP"]
[Date "2013.01.17"]
[Round "7.17"]
[White "Teran Alvarez, Ismael"]
[Black "Ruiz Gutierrez, Manuel"]
[Result "1-0"]
[WhiteElo "2399"]
[BlackElo "2158"]
[PlyCount "133"]
[EventDate "2013.01.11"]
[EventType "swiss"]
[EventRounds "9"]
[EventCountry "ESP"]
[Source "lmi"]
[SourceDate "2013.01.11"]

1. e4 e5 2. Nf3 Nc6 3. Bb5 a6 4. Ba4 Nf6 5. O-O Be7 6. Re1 b5 7. Bb3 d6 8. c3
O-O 9. h3 Na5 10. Bc2 c5 11. d4 Qc7 12. Nbd2 Nd7 13. Nf1 Bf6 14. Ne3 Nb6 15. d5
g6 16. b3 Bg7 17. Bd2 Nb7 18. g4 f6 19. Nf1 Nd8 20. Ng3 Nf7 21. Kh2 a5 22. Qe2
Bd7 23. c4 b4 24. a4 Nc8 25. Rg1 Ne7 26. Be3 Kh8 27. Qd2 Rg8 28. Nh4 Raf8 29.
Raf1 Qc8 30. f3 Qd8 31. Rf2 Bc8 32. Kg2 Bd7 33. Kf1 Qc8 34. Ke1 Re8 35. Kd1
Ref8 36. Kc1 Re8 37. Kb1 Ref8 38. Ka2 Re8 39. Rgf1 Rgf8 40. Ng2 Ng8 41. Nh4 Qd8
42. Ng2 Qe7 43. Ne1 Rc8 44. Nd3 Rce8 45. Rh2 h6 46. h4 Qd8 47. Rg1 Kh7 48. g5
h5 49. Nxh5 gxh5 50. g6+ Kh8 51. gxf7 Rxf7 52. f4 Bg4 53. Bd1 f5 54. fxe5 Bxe5
55. Nxe5 Rxe5 56. exf5 Bxd1 57. Rxd1 Rexf5 58. Rg1 Qf6 59. Rhg2 Ne7 60. Rg5
Rxg5 61. Rxg5 Qf3 62. Qe1 Nf5 63. Bc1 Kh7 64. Qe6 Ng7 65. Qg6+ Kg8 66. Bb2 Qe2
67. Rg2 1-0

[Event "38. Abierto Ciudad de Sevilla"]
[Site "Sevilla ESP"]
[Date "2013.01.17"]
[Round "7.18"]
[White "Montero Melendez, Rafael"]
[Black "Mcmahon, Daire"]
[Result "1-0"]
[WhiteElo "2316"]
[BlackElo "2147"]
[PlyCount "87"]
[EventDate "2013.01.11"]
[EventType "swiss"]
[EventRounds "9"]
[EventCountry "ESP"]
[Source "lmi"]
[SourceDate "2013.01.11"]

1. Nf3 Nf6 2. c4 e6 3. g3 b6 4. Bg2 Bb7 5. Nc3 Be7 6. O-O O-O 7. Re1 d5 8. cxd5
exd5 9. d4 Na6 10. Bf4 c5 11. Rc1 Qd7 12. Ne5 Qe6 13. Nb5 Rfd8 14. Qb3 h6 15.
h4 Qf5 16. Kh2 g5 17. Bh3 g4 18. Bg2 Ne4 19. f3 Nf6 20. e4 Qh7 21. fxg4 Nxe4
22. Re2 Nb4 23. Nc7 Rac8 24. a3 Rxc7 25. axb4 c4 26. Qa4 f6 27. Nf7 Rdc8 28.
Nxh6+ Kh8 29. Bxc7 Qxh6 30. Bf4 Qg7 31. Qxa7 Bxb4 32. Qxb6 Bf8 33. Qe6 Ra8 34.
Bxe4 dxe4 35. g5 Ra6 36. gxf6 Rxe6 37. fxg7+ Bxg7 38. Be5 Bxe5 39. dxe5 Bd5 40.
Ra1 Rxe5 41. Ra5 e3 42. g4 Kg7 43. Kg3 Kf6 44. Ra3 1-0

[Event "38. Abierto Ciudad de Sevilla"]
[Site "Sevilla ESP"]
[Date "2013.01.17"]
[Round "7.19"]
[White "Garcia Jimenez, Francisco Javi"]
[Black "Gutierrez Valero, Mario"]
[Result "0-1"]
[WhiteElo "2278"]
[BlackElo "2131"]
[PlyCount "112"]
[EventDate "2013.01.11"]
[EventType "swiss"]
[EventRounds "9"]
[EventCountry "ESP"]
[Source "lmi"]
[SourceDate "2013.01.11"]

1. e4 c5 2. Nc3 Nc6 3. g3 g6 4. Bg2 Bg7 5. d3 d6 6. Be3 Rb8 7. a4 a6 8. Nge2 b5
9. axb5 axb5 10. Qd2 b4 11. Nd1 Nd4 12. O-O e5 13. Nc1 Ne7 14. c3 bxc3 15. bxc3
Ne6 16. Ne2 O-O 17. d4 exd4 18. cxd4 Nc6 19. Ra4 Ncxd4 20. Nxd4 Nxd4 21. Bxd4
Bxd4 22. Nc3 Be6 23. Nd5 Bxd5 24. exd5 Rb2 25. Qf4 Qb6 26. Bh3 Rb1 27. Rxb1
Qxb1+ 28. Bf1 Qb3 29. Ra6 Be5 30. Qe4 Rb8 31. Ra4 Qd1 32. Qc4 Rb1 33. Kg2 Rc1
34. Ra8+ Kg7 35. Qd3 Qxd3 36. Bxd3 Rd1 37. Bc4 Rc1 38. Bb3 Rc3 39. Ba4 Rd3 40.
f4 Bb2 41. Rb8 Rd2+ 42. Kf3 c4 43. Rc8 c3 44. Bb3 Rxh2 45. g4 Rh1 46. Rc6 Ba3
47. Kg2 Rc1 48. Rc4 Bc5 49. Kf3 h5 50. g5 Rf1+ 51. Kg2 Rg1+ 52. Kf3 h4 53. f5
h3 54. f6+ Kg8 55. Rh4 Rb1 56. Ba4 Rb2 0-1